[Event "AUT-chT2O 2223"]
[Site "Austria"]
[Date "2023.01.22"]
[Round "7.2"]
[White "Ganaus, Hannes"]
[Black "Wukits, Rene"]
[Result "1/2-1/2"]
[WhiteElo "2280"]
[BlackElo "2324"]
[PlyCount "40"]
[EventDate "2022.10.15"]
[EventType "team-tourn"]
[EventRounds "11"]
[EventCountry "AUT"]
[SourceTitle "CBM 213 Extra"]
[Source "ChessBase"]
[SourceDate "2023.05.31"]
[SourceVersion "1"]
[SourceVersionDate "2023.05.31"]
[SourceQuality "1"]
[WhiteTeam "Pressbaum"]
[BlackTeam "Mattersburg"]
[WhiteTeamCountry "AUT"]
[BlackTeamCountry "AUT"]

1. d4 d5 2. c4 c6 3. Nf3 e6 4. Nc3 dxc4 5. a4 Bb4 6. e3 b5 7. Bd2 a5 8. axb5 Bxc3 9. Bxc3 cxb5 10. d5 Nf6 11. dxe6 Qxd1+ 12. Kxd1 Bxe6 13. Rxa5 Rxa5 14. Bxa5 Ne4 15. Ke1 Nc6 16. Bc3 0-0 17. Nd4 Nxc3 18. bxc3 Nxd4 19. exd4 Ra8 20. Be2 Ra2 1/2-1/2

[Event "AUT-chT2O 2122"]
[Site "Austria"]
[Date "2022.03.12"]
[Round "8.1"]
[White "Wukits, Rene"]
[Black "Polak, Tomas"]
[Result "1-0"]
[WhiteElo "2324"]
[BlackElo "2528"]
[PlyCount "75"]
[EventDate "2021.10.16"]
[EventType "team-tourn"]
[EventRounds "11"]
[EventCountry "AUT"]
[SourceTitle "EXT 2024"]
[Source "ChessBase"]
[SourceDate "2023.10.10"]
[SourceVersion "1"]
[SourceVersionDate "2023.10.10"]
[SourceQuality "1"]
[WhiteTeam "Mattersburg"]
[BlackTeam "Hietzing"]
[WhiteTeamCountry "AUT"]
[BlackTeamCountry "AUT"]

1. e4 c5 2. Nf3 e6 3. d4 cxd4 4. Nxd4 a6 5. Be2 Nf6 6. Nc3 Qc7 7. 0-0 d6 8. f4 b5 9. e5 b4 10. Ncb5 axb5 11. exf6 gxf6 12. Be3 Nc6 13. Nxb5 Qb8 14. f5 e5 15. c4 Be7 16. Bf3 Bb7 17. Bd5 Rg8 18. Qh5 Nd8 19. Qxh7 Rg4 20. Qh5 Bxd5 21. Qxg4 Bc6 22. a4 bxa3 23. bxa3 Ra4 24. Rfb1 Bxb5 25. Rxb5 Qa8 26. h4 Bf8 27. h5 Rxa3 28. Rxa3 Qxa3 29. Qf3 Qc3 30. Qe2 Nc6 31. Rd5 Ne7 32. Rxd6 Nxf5 33. Rd3 Qa1+ 34. Rd1 Qa3 35. Qd3 Qxd3 36. Rxd3 e4 37. Rb3 Kd7 38. Kf2 1-0

[Event "AUT-chT2O 2122"]
[Site "Austria"]
[Date "2022.01.16"]
[Round "4.1"]
[White "Wukits, Rene"]
[Black "Baumegger, Siegfried"]
[Result "0-1"]
[WhiteElo "2324"]
[BlackElo "2453"]
[PlyCount "62"]
[EventDate "2021.10.16"]
[EventType "team-tourn"]
[EventRounds "11"]
[EventCountry "AUT"]
[SourceTitle "EXT 2023"]
[Source "ChessBase"]
[SourceDate "2022.10.05"]
[SourceVersion "1"]
[SourceVersionDate "2022.10.05"]
[SourceQuality "1"]
[WhiteTeam "Mattersburg"]
[BlackTeam "Tschaturanga"]
[WhiteTeamCountry "AUT"]
[BlackTeamCountry "AUT"]

1. d4 Nf6 2. Nf3 b6 3. Bg5 e6 4. Nbd2 Bb7 5. e3 h6 6. Bh4 d6 7. c3 Nbd7 8. Qa4 a6 9. Bxf6 Qxf6 10. Bd3 Qd8 11. 0-0 Be7 12. Rad1 b5 13. Qb3 0-0 14. Bb1 Re8 15. Qc2 g6 16. e4 c5 17. Qd3 Qc7 18. Qe3 Bf8 19. e5 dxe5 20. Nxe5 cxd4 21. cxd4 Nxe5 22. dxe5 Rac8 23. Qg3 Bg7 24. f4 Qc5+ 25. Kh1 Qb4 26. Qb3 Qxb3 27. Nxb3 Red8 28. Kg1 Bd5 29. Kf2 Bf8 30. g3 Rc4 31. Ke3 Rb4 0-1

[Event "AUT-chT2O 1920"]
[Site "Austria"]
[Date "2020.03.01"]
[Round "9.2"]
[White "Wukits, Rene"]
[Black "Lipka, Juraj"]
[Result "1/2-1/2"]
[WhiteElo "2279"]
[BlackElo "2405"]
[PlyCount "50"]
[EventDate "2019.10.19"]
[EventType "team-tourn"]
[EventRounds "11"]
[EventCountry "AUT"]
[SourceTitle "CBM 195 Extra"]
[Source "ChessBase"]
[SourceDate "2020.05.31"]
[SourceVersion "1"]
[SourceVersionDate "2020.05.31"]
[SourceQuality "1"]
[WhiteTeam "Mattersburg"]
[BlackTeam "Pamhagen"]
[WhiteTeamCountry "AUT"]
[BlackTeamCountry "AUT"]

1. d4 d5 2. c4 c6 3. Nf3 e6 4. e3 Bd6 5. b3 f5 6. Bd3 Nf6 7. 0-0 Qe7 8. Bb2 0-0 9. Ne5 b6 10. Nd2 Bb7 11. cxd5 cxd5 12. Qe2 Nc6 13. Nxc6 Bxc6 14. Nf3 Nd7 15. Rfc1 Bb7 16. Rc2 Rac8 17. Rac1 Rxc2 18. Rxc2 Rc8 19. Rxc8+ Bxc8 20. Qc2 Bb7 21. Qc1 h6 22. Ne1 Nb8 23. Nf3 Nd7 24. Ne1 Nb8 25. Nf3 Nd7 1/2-1/2

[Event "AUT-chT2O 1920"]
[Site "Austria"]
[Date "2020.02.29"]
[Round "8.2"]
[White "Morgunov, Marc"]
[Black "Wukits, Rene"]
[Result "1/2-1/2"]
[WhiteElo "2280"]
[BlackElo "2279"]
[PlyCount "44"]
[EventDate "2019.10.19"]
[EventType "team-tourn"]
[EventRounds "11"]
[EventCountry "AUT"]
[SourceTitle "CBM 195 Extra"]
[Source "ChessBase"]
[SourceDate "2020.05.31"]
[SourceVersion "1"]
[SourceVersionDate "2020.05.31"]
[SourceQuality "1"]
[WhiteTeam "Tschaturanga"]
[BlackTeam "Mattersburg"]
[WhiteTeamCountry "AUT"]
[BlackTeamCountry "AUT"]

1. e4 c5 2. Nf3 Nf6 3. Nc3 d6 4. d4 cxd4 5. Nxd4 g6 6. Be3 Bg7 7. f3 0-0 8. g4 Nc6 9. Qd2 Be6 10. 0-0-0 Nxd4 11. Bxd4 Qa5 12. Kb1 Rfc8 13. a3 Rab8 14. Ne2 Qxd2 15. Rxd2 b5 16. Bxa7 Ra8 17. Be3 b4 18. axb4 Ba2+ 19. Kc1 Bb3 20. Kb1 Ba2+ 21. Kc1 Bb3 22. Kb1 Ba2+ 1/2-1/2

[Event "AUT-chT2O 1920"]
[Site "Austria"]
[Date "2020.01.19"]
[Round "7.2"]
[White "Wukits, Rene"]
[Black "Unuk, Laura"]
[Result "0-1"]
[WhiteElo "2279"]
[BlackElo "2278"]
[PlyCount "110"]
[EventDate "2019.10.19"]
[EventType "team-tourn"]
[EventRounds "11"]
[EventCountry "AUT"]
[SourceTitle "CBM 195 Extra"]
[Source "ChessBase"]
[SourceDate "2020.05.31"]
[SourceVersion "1"]
[SourceVersionDate "2020.05.31"]
[SourceQuality "1"]
[WhiteTeam "Mattersburg"]
[BlackTeam "Baden Invest"]
[WhiteTeamCountry "AUT"]
[BlackTeamCountry "AUT"]

1. d4 Nf6 2. Nf3 e6 3. c4 b6 4. Nc3 Bb7 5. e3 Bb4 6. Bd3 0-0 7. 0-0 c5 8. Na4 cxd4 9. a3 Be7 10. exd4 d5 11. c5 bxc5 12. Nxc5 Qb6 13. b4 a5 14. Rb1 Qc7 15. Re1 axb4 16. axb4 Nc6 17. Bg5 Ra2 18. Re2 Rfa8 19. Rxa2 Rxa2 20. Qb3 Ra8 21. Qc2 h6 22. Be3 Rc8 23. Qd2 Ne4 24. Qb2 Bd6 25. h3 Nd8 26. Nd2 f5 27. Nf3 Qe7 28. Qc1 Qc7 29. Ra1 Qb6 30. Rb1 Qc7 31. Qe1 Qe7 32. g3 Ra8 33. Ra1 Qc7 34. Rxa8 Bxa8 35. Qa1 Bb7 36. Qe1 Bc8 37. Kg2 Nc6 38. Bxe4 fxe4 39. Ng1 Qb6 40. Qc1 Bf8 41. Ne2 Nxb4 42. Nxe4 Ba6 43. N4c3 Nd3 44. Qa1 Qc6 45. Nf4 e5 46. Nxd3 Bxd3 47. Qa5 Bc4 48. Kh2 Qe6 49. Qd8 e4 50. Bf4 Qf5 51. Kg2 Kh7 52. Qc7 Bb4 53. Nd1 Qh5 54. g4 Bf1+ 55. Kxf1 Qxh3+ 0-1

[Event "AUT-chT2O 1920"]
[Site "Austria"]
[Date "2019.12.07"]
[Round "5.2"]
[White "Wukits, Rene"]
[Black "Belke, Frank"]
[Result "1-0"]
[WhiteElo "2279"]
[BlackElo "2261"]
[PlyCount "169"]
[EventDate "2019.10.19"]
[EventType "team-tourn"]
[EventRounds "11"]
[EventCountry "AUT"]
[SourceTitle "CBM 193 Extra"]
[Source "ChessBase"]
[SourceDate "2020.01.31"]
[SourceVersion "1"]
[SourceVersionDate "2020.01.31"]
[SourceQuality "1"]
[WhiteTeam "Mattersburg"]
[BlackTeam "Hietzing"]
[WhiteTeamCountry "AUT"]
[BlackTeamCountry "AUT"]

1. d4 Nf6 2. Nf3 g6 3. Nc3 d5 4. Bf4 Bg7 5. e3 0-0 6. Be2 c5 7. 0-0 cxd4 8. exd4 Nc6 9. Ne5 Nd7 10. Nf3 Nb6 11. Nb5 Bg4 12. Bc7 Qd7 13. Bxb6 axb6 14. Re1 Rfc8 15. a4 e6 16. c3 Bxf3 17. Bxf3 Na5 18. b3 Nc6 19. Rc1 Bf8 20. Qd2 Na7 21. Be2 Nxb5 22. Bxb5 Qd6 23. g3 Rc7 24. Qe3 Bg7 25. Rcd1 Rd8 26. Re2 h5 27. Kg2 Bf8 28. h4 Kg7 29. Red2 Qa3 30. c4 Qb4 31. Rd3 Rdc8 32. Qf4 Qd6 33. Qd2 Rd8 34. Kf3 Rdc8 35. Qf4 Qxf4+ 36. Kxf4 Rd8 37. Ke3 Be7 38. R3d2 Bb4 39. Rc2 Kf6 40. Rdc1 Ba3 41. Ra1 Bb4 42. Rac1 Ba3 43. Re1 Bb4 44. Ree2 Rdc8 45. Kd3 dxc4+ 46. bxc4 Rd8 47. Re4 Kg7 48. Ke3 Be7 49. Rd2 Bf8 50. Ke2 Bb4 51. Rd3 Re7 52. f4 Rc7 53. Ree3 Kf6 54. Kf3 Bf8 55. Ke4 Bb4 56. Rb3 Bf8 57. Re1 Rcc8 58. Rd1 Rc7 59. Ra1 Be7 60. a5 bxa5 61. Rxa5 Rcc8 62. c5 Ra8 63. Rxa8 Rxa8 64. Bd7 Ra7 65. Bc8 Bd8 66. Bxb7 Ke7 67. d5 Ra4+ 68. Kd3 exd5 69. Bxd5 Ra7 70. Kc4 f6 71. Re3+ Kd7 72. Bf7 g5 73. Bxh5 gxf4 74. Be8+ Kc8 75. gxf4 f5 76. h5 Bc7 77. Bc6 Bxf4 78. Rf3 Kc7 79. Kd5 Bg5 80. Rxf5 Be7 81. Rf7 Kd8 82. Bb5 Ra1 83. h6 Rh1 84. h7 Rh5+ 85. Ke6 1-0

[Event "AUT-chT2O 1617"]
[Site "Austria"]
[Date "2017.04.01"]
[Round "10.2"]
[White "Wukits, Rene"]
[Black "Juhasz, Kristof"]
[Result "0-1"]
[WhiteElo "2311"]
[BlackElo "2401"]
[PlyCount "50"]
[EventDate "2016.10.15"]
[EventType "team-tourn"]
[EventRounds "11"]
[EventCountry "AUT"]
[SourceTitle "CBM 177 Extra"]
[Source "ChessBase"]
[SourceDate "2017.04.27"]
[SourceVersion "1"]
[SourceVersionDate "2017.04.27"]
[SourceQuality "1"]
[WhiteTeam "Tschaturanga"]
[BlackTeam "Bad Voeslau"]
[WhiteTeamCountry "AUT"]
[BlackTeamCountry "AUT"]

1. Nf3 Nf6 2. d4 e6 3. e3 c5 4. Bd3 b6 5. 0-0 Bb7 6. Nbd2 Be7 7. b3 0-0 8. Bb2 d6 9. Qe2 Nc6 10. a3 Rc8 11. Rfd1 d5 12. Ne5 cxd4 13. exd4 Nxe5 14. dxe5 Nd7 15. c4 a5 16. Rac1 Bg5 17. Bb1 dxc4 18. Rxc4 Ba6 19. Qe4 g6 20. Rd4 Qc7 21. Nc4 Nc5 22. Qg4 Nxb3 23. Nd6 Bc1 24. Bxc1 Nxd4 25. Qxd4 Qxc1 0-1

[Event "Vienna State-ch"]
[Site "Vienna"]
[Date "2015.09.18"]
[Round "7"]
[White "Wukits, Rene"]
[Black "Matt, Fabian"]
[Result "1/2-1/2"]
[WhiteElo "2321"]
[BlackElo "2290"]
[PlyCount "30"]
[EventDate "2015.09.12"]
[EventType "tourn"]
[EventRounds "9"]
[EventCountry "AUT"]
[EventCategory "4"]
[SourceTitle "EXT 2016"]
[Source "ChessBase"]
[SourceDate "2015.10.08"]
[SourceVersion "1"]
[SourceVersionDate "2015.10.08"]
[SourceQuality "1"]

1. d4 Nf6 2. Nf3 g6 3. Nc3 c5 4. e4 cxd4 5. Nxd4 d6 6. Be3 Bg7 7. Be2 Nc6 8. Qd2 0-0 9. 0-0-0 Nxd4 10. Bxd4 Be6 11. Kb1 Rc8 12. h4 a6 13. h5 b5 14. hxg6 fxg6 15. f3 Qa5 1/2-1/2

[Event "Vienna State-ch"]
[Site "Vienna"]
[Date "2015.09.13"]
[Round "2"]
[White "Wukits, Rene"]
[Black "Schreiner, Peter"]
[Result "0-1"]
[WhiteElo "2321"]
[BlackElo "2419"]
[PlyCount "76"]
[EventDate "2015.09.12"]
[EventType "tourn"]
[EventRounds "9"]
[EventCountry "AUT"]
[EventCategory "4"]
[SourceTitle "EXT 2016"]
[Source "ChessBase"]
[SourceDate "2015.10.08"]
[SourceVersion "1"]
[SourceVersionDate "2015.10.08"]
[SourceQuality "1"]

1. Nf3 Nf6 2. c4 g6 3. Nc3 Bg7 4. e4 d6 5. d4 0-0 6. h3 e5 7. d5 Nh5 8. g3 Na6 9. Be3 Qe8 10. Be2 f5 11. exf5 gxf5 12. Ng5 Nf6 13. Qd2 Nc5 14. 0-0-0 h6 15. Nf3 Nce4 16. Nxe4 Nxe4 17. Qc2 c6 18. Kb1 cxd5 19. cxd5 f4 20. Bd3 Nc3+ 21. bxc3 fxe3 22. Be4 Qb5+ 23. Ka1 Qc5 24. Rc1 exf2 25. Nh4 Rf6 26. g4 b6 27. Nf5 Ba6 28. Rhf1 Bxf1 29. Rxf1 Rf7 30. Rxf2 Rc8 31. Kb2 b5 32. a3 a5 33. g5 hxg5 34. Rg2 Rb7 35. Rxg5 b4 36. axb4 axb4 37. c4 Qa5 38. Qb3 Ra8 0-1

[Event "Vienna op"]
[Site "Vienna"]
[Date "2015.08.22"]
[Round "8"]
[White "Wukits, Rene"]
[Black "Ruck, Robert"]
[Result "0-1"]
[WhiteElo "2321"]
[BlackElo "2552"]
[PlyCount "168"]
[EventDate "2015.08.15"]
[EventType "swiss"]
[EventRounds "9"]
[EventCountry "AUT"]
[SourceTitle "EXT 2016"]
[Source "ChessBase"]
[SourceDate "2015.10.08"]
[SourceVersion "1"]
[SourceVersionDate "2015.10.08"]
[SourceQuality "1"]

1. d4 Nf6 2. Nf3 e6 3. e3 c5 4. c4 d5 5. Nc3 a6 6. a3 dxc4 7. Bxc4 b5 8. Bd3 Bb7 9. 0-0 Nbd7 10. Qe2 Be7 11. Rd1 Qc7 12. Bd2 Rd8 13. Rac1 Qb8 14. Ng5 Qa8 15. f3 0-0 16. dxc5 Nxc5 17. Bc2 h6 18. Nh3 Qb8 19. Be1 Bd6 20. g3 Be5 21. Nf4 Rxd1 22. Rxd1 Rc8 23. Nd3 Nxd3 24. Rxd3 Nd5 25. f4 Bxc3 26. Bxc3 Nxc3 27. Rxc3 Rxc3 28. bxc3 Qc7 29. Qd3 f5 30. Qd4 Qc6 31. e4 fxe4 32. Kf2 Kf7 33. Ke3 Qc7 34. Bxe4 Bxe4 35. Kxe4 Qe7 36. a4 Qb7+ 37. Ke3 a5 38. g4 bxa4 39. Qxa4 Qc7 40. c4 Qc5+ 41. Kd3 Ke7 42. Qa1 Qd6+ 43. Ke3 Qb6+ 44. Ke4 Qb7+ 45. Ke3 Qb3+ 46. Kd2 Qb4+ 47. Kd3 Kf7 48. Qd4 Qb3+ 49. Kd2 Qb7 50. h3 Ke8 51. Qe5 Qg2+ 52. Ke1 Qg1+ 53. Ke2 Qg2+ 54. Ke1 Kf7 55. Qc7+ Kg6 56. Qe5 Qg1+ 57. Ke2 Qg2+ 58. Ke1 Qc6 59. Qxa5 Qe4+ 60. Kd1 Qxc4 61. Qh5+ Kh7 62. Qf7 Qd3+ 63. Ke1 Qxh3 64. f5 Qg3+ 65. Kd2 Qf4+ 66. Kd3 exf5 67. gxf5 Qe5 68. Kd2 Qf6 69. Qd7 h5 70. Ke2 Qg5 71. Kf2 h4 72. Qd3 Kh6 73. Qe4 Qg3+ 74. Kf1 Kg5 75. Qe7+ Kxf5 76. Qf7+ Ke4 77. Qc4+ Ke5 78. Qc7+ Kf6 79. Qc6+ Kf7 80. Qd7+ Kg6 81. Qe6+ Kh7 82. Qe4+ Kh6 83. Qe6+ Qg6 84. Qe3+ Qg5 0-1

[Event "AUT-chT2O 1415"]
[Site "Austria"]
[Date "2015.02.21"]
[Round "8.3"]
[White "Wukits, Rene"]
[Black "Alvir, Aco"]
[Result "0-1"]
[WhiteElo "2348"]
[BlackElo "2343"]
[PlyCount "64"]
[EventDate "2014.10.18"]
[EventType "team-tourn"]
[EventRounds "11"]
[EventCountry "AUT"]
[SourceTitle "EXT 2016"]
[Source "ChessBase"]
[SourceDate "2015.10.08"]
[SourceVersion "1"]
[SourceVersionDate "2015.10.08"]
[SourceQuality "1"]
[WhiteTeam "Tschaturanga"]
[BlackTeam "Pamhagen"]
[WhiteTeamCountry "AUT"]
[BlackTeamCountry "AUT"]

1. d4 Nf6 2. Nf3 g6 3. c4 Bg7 4. Nc3 0-0 5. e4 d6 6. Be2 e5 7. d5 a5 8. Bg5 h6 9. Bh4 Na6 10. Nd2 Bd7 11. a3 Qb8 12. Rb1 Nc5 13. b3 Nh5 14. Bxh5 Nd3+ 15. Kf1 gxh5 16. Qc2 Nf4 17. f3 f5 18. exf5 Bxf5 19. Nde4 Qe8 20. Rb2 c6 21. Ke1 cxd5 22. cxd5 Rc8 23. Qd2 Qg6 24. Kd1 b5 25. Re1 b4 26. axb4 axb4 27. Na4 Bxe4 28. Rxe4 Qf7 29. Rxb4 e4 30. fxe4 Bxb2 31. Nxb2 Qg6 32. Bg3 Qg4+ 0-1

[Event "Vienna State-ch"]
[Site "Vienna"]
[Date "2014.09.13"]
[Round "8"]
[White "Wukits, Rene"]
[Black "Kilgus, Georg"]
[Result "1-0"]
[WhiteElo "2324"]
[BlackElo "2445"]
[PlyCount "53"]
[EventDate "2014.09.06"]
[EventType "tourn"]
[EventRounds "9"]
[EventCountry "AUT"]
[EventCategory "6"]
[SourceTitle "CBM 162 Extra"]
[Source "ChessBase"]
[SourceDate "2014.10.17"]
[SourceVersion "1"]
[SourceVersionDate "2014.10.17"]
[SourceQuality "1"]

1. d4 Nf6 2. c4 e6 3. Nc3 Bb4 4. e3 0-0 5. Bd3 d5 6. Nf3 b6 7. 0-0 Bb7 8. cxd5 exd5 9. Ne5 Nbd7 10. f4 Nxe5 11. fxe5 Ne4 12. Qb3 Bxc3 13. bxc3 c5 14. Bxe4 dxe4 15. Bb2 Ba6 16. c4 cxd4 17. exd4 Rc8 18. Rac1 Qc7 19. Ba3 Rfd8 20. Bd6 Qc6 21. d5 Qd7 22. Rf4 f6 23. Rxe4 fxe5 24. Bxe5 b5 25. Qg3 Rxc4 26. Rcxc4 bxc4 27. Bxg7 1-0

[Event "Vienna Husek op"]
[Site "Vienna"]
[Date "2014.07.11"]
[Round "7"]
[White "Handler, Lukas"]
[Black "Wukits, Rene"]
[Result "1/2-1/2"]
[WhiteElo "2379"]
[BlackElo "2287"]
[PlyCount "93"]
[EventDate "2014.07.05"]
[EventType "swiss"]
[EventRounds "9"]
[EventCountry "AUT"]
[SourceTitle "CBM 161 Extra"]
[Source "ChessBase"]
[SourceDate "2014.08.29"]
[SourceVersion "1"]
[SourceVersionDate "2014.08.29"]
[SourceQuality "1"]

1. d4 Nf6 2. c4 e6 3. Nf3 c5 4. d5 d6 5. Nc3 exd5 6. cxd5 g6 7. Bf4 a6 8. a4 Bg7 9. h3 0-0 10. e3 Re8 11. Nd2 Nbd7 12. Be2 Ne5 13. 0-0 Nfd7 14. Bh2 f5 15. e4 Nf6 16. Re1 g5 17. exf5 Bxf5 18. Bf1 g4 19. hxg4 Nexg4 20. Qf3 Qd7 21. Bg3 Nh5 22. Bh4 Qf7 23. Nc4 Qg6 24. Re6 Rxe6 25. dxe6 Qxe6 26. Nb6 Qe5 27. Qd5+ Qxd5 28. Ncxd5 Rf8 29. f3 Bd4+ 30. Kh1 Nf2+ 31. Bxf2 Bxf2 32. Ne7+ Kh8 33. Nxf5 Rxf5 34. g4 Rxf3 35. gxh5 Rb3 36. a5 Kg7 37. Bg2 Rxb2 38. Nc4 Rb4 39. Bd5 Kh6 40. Nxd6 Kxh5 41. Nxb7 Bd4 42. Rc1 Kg4 43. Nxc5 Rb5 44. Be6+ Kf3 45. Bd5+ Ke3 46. Bc6 Rxc5 47. Rxc5 1/2-1/2